Elementary Statistics: From Discovery to Decision (Record no. 4939)

MARC details
005 - DATE AND TIME OF LATEST TRANSACTION
control field 20250625073859.0
020 ## - INTERNATIONAL STANDARD BOOK NUMBER
International Standard Book Number 9 780471 401421
082 ## - DEWEY DECIMAL CLASSIFICATION NUMBER
Classification number 519.5 PEL
100 ## - MAIN ENTRY--PERSONAL NAME
Author name PELOSI, M. K.
245 ## - TITLE STATEMENT
Title Elementary Statistics: From Discovery to Decision
260 ## - PUBLICATION, DISTRIBUTION, ETC.
Place of publication, distribution, etc. New York,
Name of publisher, distributor, etc. John Wiley & Sons,
Date of publication, distribution, etc. 2003
300 ## - PHYSICAL DESCRIPTION
Extent xii, 777p.; ill, figure, table, picture
Other physical details Appendix
Dimensions 28cm
700 ## - ADDED ENTRY--PERSONAL NAME
Other authors/Editors SANDIFER, T, M.
942 ## - ADDED ENTRY ELEMENTS (KOHA)
Source of classification or shelving scheme Dewey Decimal Classification
Koha item type Books
Holdings
Date last seen Total checkouts Full call number Barcode Cost, replacement price Price effective from Koha item type Lost status Source of classification or shelving scheme Damaged status Not for loan Withdrawn status Home library Current library Shelving location Date acquired Cost, normal purchase price
06/25/2025   519.5 PEL DOM000967 315000.00 06/25/2025 Books   Dewey Decimal Classification       CBE Dodoma CBE Dodoma General Collection 04/26/2010 105000.00
06/25/2025   519.5 PEL DOM000995 315000.00 06/25/2025 Books   Dewey Decimal Classification       CBE Dodoma CBE Dodoma General Collection 04/26/2010 105000.00